| 000 | 00930cam a2200265 a 4500 | ||
|---|---|---|---|
| 001 | 17365460 | ||
| 005 | 20161123191459.0 | ||
| 008 | 120628s2012 enka b 001 0 eng d | ||
| 010 | _a 2012406229 | ||
| 020 | _a0230301843 (pbk.) | ||
| 020 | _a9780230301849 (pbk.) | ||
| 082 | 0 | 4 |
_a332.4 _222 _bGOD |
| 100 | 1 |
_aGodley, Wynne. _932126 |
|
| 245 | 1 | 0 |
_aMonetary Economics : _ban Integrated Approach to Credit, Money, Income, Production and Wealth / _cby Wynne Godley and Marx Lavoie. |
| 250 | _a2nd ed. | ||
| 260 |
_aHoundmills, Basingstoke, Hampshire ; _aNew York : _bPalgrave Macmillan, _c2012. |
||
| 300 |
_axlvi, 530 p. : _bill. ; _c22 cm. |
||
| 500 | _aPrevious ed.: 2007. | ||
| 504 | _aIncludes bibliographical references (p. 501-513) and index. | ||
| 650 | 0 |
_aMoney. _932127 |
|
| 653 |
_bEco _cJanuary2013 |
||
| 650 | 0 |
_94003 _aEconomics _xMathematical models |
|
| 700 | 1 |
_aLavoie, M. _q(Marc) _932128 |
|
| 942 |
_2ddc _cBB |
||
| 999 |
_c17169 _d17141 |
||